ბათუმის შოთა რუსთაველის სახელმწიფო უნივერსიტეტის ბიბლიოთეკა

დაუვიწყარი დღეები (ბიბ.ჩანაწერი № 49984)

000 -LEADER
fixed length control field 00620nam a2200205Ia 4500
001 - CONTROL NUMBER
control field 16920
003 - CONTROL NUMBER IDENTIFIER
control field GE_BSU
008 - FIXED-LENGTH DATA ELEMENTS--GENERAL INFORMATION
fixed length control field 181216s||||||||xx |||||||||||||| ||und||
040 ## - CATALOGING SOURCE
Transcribing agency GE_BSU
080 ## - UNIVERSAL DECIMAL CLASSIFICATION NUMBER
Universal Decimal Classification number 821(47+57)-3
245 ## - TITLE STATEMENT
Title დაუვიწყარი დღეები
245 ## - TITLE STATEMENT
Remainder of title მოთხრობები
260 ## - PUBLICATION, DISTRIBUTION, ETC.
Place of publication, distribution, etc. თბილისი
260 ## - PUBLICATION, DISTRIBUTION, ETC.
Name of publisher, distributor, etc. საბლიტგამი
260 ## - PUBLICATION, DISTRIBUTION, ETC.
Date of publication, distribution, etc. 1954
300 ## - PHYSICAL DESCRIPTION
Extent 292გვ. : 1ფურც. პორტრ. ; 20სმ
653 ## - INDEX TERM--UNCONTROLLED
Uncontrolled term დაუვიწყარი დღეები
653 ## - INDEX TERM--UNCONTROLLED
Uncontrolled term მოთხრობები
942 ## - ADDED ENTRY ELEMENTS (KOHA)
Koha item type წიგნი
ეგზემპლარები
Withdrawn status Lost status Damaged status Not for loan Date acquired Barcode Date last seen Price effective from Koha item type
        2018-12-17 21982 2018-12-17 2018-12-17 წიგნი